000 01076nmm a2200313 a 4500
001 ocm0002015264
003 TR-IsHL
005 20201028180128.0
008 181130s2018 tu tur
007 cr cn
020 _a9786054635450
035 _a2015264
_b(N$T)
050 0 4 _aPL205
_b.D47 2018
090 0 4 _aPL205
_b.D47 2018
100 1 _aDerzi-zāde ῾Ulvī
245 1 0 _aDerzi-zāde 'Ulvī: Dīvān
_h[electronic resource] /
_cDerzi-zāde ῾Ulvī ; hazırlayanlar Büşra Çelik, Muzaffer Kılıç ; editör : Furkan Öztürk
250 _aBirinci Baskı
260 _aİstanbul :
_bDün Bugün Yarın Yayınları,
_c2018
300 _a845 p.
650 4 _aDil ve Edebiyat
650 4 _aLanguage and Literature
650 0 _aTürk edebiyatı
650 0 _aTurkish literature
650 7 _aLITERARY CRITICISM / Middle Eastern
_2bisacsh
700 1 _aÇelik, Büşra
700 1 _a Kılıç, Muzaffer
700 1 _aÖztürk, Furkan
856 4 0 _uhttp://search.ebscohost.com/login.aspx?direct=true&scope=site&db=e011xww&AN=2015264
999 _c18994
_d18994